Words containing a 'number' - Statistics

General Stats
  • This quiz has been taken 45 times
  • The average score is 10 of 20
Answer Stats
Hint Letters Answer % Correct
Seconds in a minute 5 Sixty
100%
Frequently 5 Often
96%
Royal chair 6 Throne
95%
Distance from bottom to top 6 Height
94%
Racket sport 6 Tennis
89%
Relating to dogs 6 Canine
88%
Exclusive right for an invention 6 Patent
87%
Make a conscious effort to hear 6 Listen
81%
Banknote slang (half of ten pounds) 5 Fiver
74%
TV or radio reception device 7 Antenna
71%
Payer of rent for a property 6 Tenant
71%
Writing paper and materials 10 Stationery
67%
Scare 8 Frighten
63%
Between baritone and alto 5 Tenor
61%
Three score and ten 7 Seventy
58%
Relating to women or girls 8 Feminine
57%
One quarter 6 Fourth
56%
Connected group of computers 7 Network
53%
Bounded sequence of words 8 Sentence
52%
Timber washed up on the beach 9 Driftwood
50%
Drug used to treat malaria 8 Quinine
47%
100 year anniversary 9 Centenary
46%
Triple the amount increase 9 Threefold
38%
Violent, rotating windstorm 7 Cyclone
38%
Protein found in wheat 6 Gluten
35%
Intermediate partial floor 9 Mezzanine
32%
Painting or sculpture 7 Artwork
25%
Half an old English shilling 8 Sixpence
21%
Honest and dependable 11 Trustworthy
18%
Gentle 6 Tender
17%
Boxing class below Bantamweight 9 Flyweight
17%
Highly toxic poison 10 Strychnine
16%
Mass x Acceleration due to gravity 6 Weight
15%
Become greater or more serious 9 Intensify
11%
Goods carried by a vessel 7 Freight
10%
Bowling variant, popular in Canada 7 Fivepin
9%
Very foolish or stupid 7 Asinine
8%
Custody or confinement 9 Detention
8%
Skill or dexterity used to deceive 7 Sleight
8%
Having great power 6 Potent
6%
No matching quizzes found
Score Distribution
Percent of People with Each Score
Percentile by Number Answered
Your Score History
You have not taken this quiz